The Devil Wears Prada - Characters - Statistics

General Stats
  • This quiz has been taken 119 times
  • The average score is 5 of 9
Answer Stats
Hint Answer % Correct
Redhead girl, Priestly's other co-assistant Emily Charlton
98%
The protagonist, female journalist who lands a job at Runway Andrea "Andy" Sachs
94%
Runway's editor-in-chief Miranda Priestly
90%
Runway's art director, helps the protagonist changing her look Nigel Kipling
71%
The protagonist's boyfriend Nate Cooper
56%
The new creative director to Holt Jacqueline Follet
40%
Male journalist that helps the protagonist tracking down the Harry Potter book Christian Thompson
31%
The protagonist's female friend who is given a bag as a gift Lily
24%
The protagonist's male friend Doug
18%
No matching quizzes found
Score Distribution
Percent of People with Each Score
Percentile by Number Answered
Your Score History
You have not taken this quiz